Loreto College Library, Kolkata
WEBOPAC (ONLINE PUBLIC ACCESS CATALOGUE)

A Handbook of practicals in logic (Record no. 19584)

MARC details
000 -LEADER
fixed length control field 00403nam a2200157Ia 4500
008 - FIXED-LENGTH DATA ELEMENTS--GENERAL INFORMATION
fixed length control field 131103s9999 xx 000 0 und d
040 ## - CATALOGING SOURCE
Original cataloging agency Loreto College
041 ## - LANGUAGE CODE
Language code English
082 ## - DDC | ডিউই
Classification number | বর্গসংখ্যা 160/GHO
Book Number | গ্রন্থাঙ্ক LCLIB
100 ## - MAIN ENTRY--PERSONAL NAME | মুখ্য সংলেখ - ব্যাক্তিনাম
Personal name | ব্যাক্তিনাম Ghosh, G. K.
245 #2 - TITLE STATEMENT | অাখ্যা বিবরণী
Title | অাখ্যা A Handbook of practicals in logic
Statement of responsibility | লেখকের দায়িত্বের বিবরণ G. K. Ghosh
260 ## - IMPRINT | প্রকাশনা ক্ষেত্র
Place of publication | প্রকাশ স্থান Bombay
Name of publisher | প্রকাশকের নাম A. R. Sheth & Co
Date of publication | প্রকাশ কাল 1963
300 ## - PHYSICAL DESCRIPTION |
Page / Vol. No | পৃষ্ঠা / খন্ড সংখ্যা 152p
650 ## - SUBJECT ADDED ENTRY--TOPICAL TERM | বিষয় শিরোনাম - মূল বিষয়
Topical term | মূল বিষয় Logic
942 ## - ADDED ENTRY ELEMENTS (KOHA)
Koha item type Books
Holdings
Withdrawn status Lost status Damaged status Not for loan Home library Current library Date acquired Total Checkouts Full call number Accession No. Date last seen Price effective from Koha item type
        Loreto College Loreto College 04/11/2013   160/GHO LCLIB B20956 04/11/2013 04/11/2013 Books